Library Banner

The end of medicine : (Record no. 97736)

MARC details
000 -LEADER
fixed length control field 00657cam a22002414a 4500
001 - CONTROL NUMBER
control field 14282697
005 - DATE AND TIME OF LATEST TRANSACTION
control field 20170829112612.0
008 - FIXED-LENGTH DATA ELEMENTS--GENERAL INFORMATION
fixed length control field 060301s2006 nyu 001 0 eng
020 ## - INTERNATIONAL STANDARD BOOK NUMBER
International Standard Book Number 006113029X
020 ## - INTERNATIONAL STANDARD BOOK NUMBER
International Standard Book Number 9780061130298
040 ## - CATALOGING SOURCE
Transcribing agency PK-LaUMT
082 00 - DEWEY DECIMAL CLASSIFICATION NUMBER
Classification number 610
Edition number 22
Item number KES-E
100 1# - MAIN ENTRY--PERSONAL NAME
Personal name Kessler, Andy
245 14 - TITLE STATEMENT
Title The end of medicine :
Remainder of title how Silicon Valley (and naked mice) will reboot your doctor /
Statement of responsibility, etc Andy Kessler
260 ## - PUBLICATION, DISTRIBUTION, ETC. (IMPRINT)
Place of publication, distribution, etc New York :
Name of publisher, distributor, etc Collins,
Date of publication, distribution, etc 2006
300 ## - PHYSICAL DESCRIPTION
Extent xiii, 354 p. ;
Dimensions 24 cm.
500 ## - GENERAL NOTE
General note Includes index.
650 #0 - SUBJECT ADDED ENTRY--TOPICAL TERM
Topical term or geographic name as entry element Medicine
650 #0 - SUBJECT ADDED ENTRY--TOPICAL TERM
Topical term or geographic name as entry element Therapeutics
650 12 - SUBJECT ADDED ENTRY--TOPICAL TERM
Topical term or geographic name as entry element Medicine
650 22 - SUBJECT ADDED ENTRY--TOPICAL TERM
Topical term or geographic name as entry element Therapeutics
942 ## - ADDED ENTRY ELEMENTS (KOHA)
Koha item type Books
Holdings
Withdrawn status Lost status Damaged status Home library Current library Date acquired Full call number Barcode Date last seen Price effective from Koha item type
      UMT Health Sciences Campus UMT Health Sciences Campus 2017-08-29 610 KES-E 113932 2021-11-13 2017-08-29 Books